00447nam a22001457a 450000500170000002000260001703500130004303700120005608200080006810000180007624500610009426000310015527000960018630000190028220221018153923.0 a9789390531073c750.00 aB-746021 bPearson a380 aMadaan, K V S aNTA UGC NET SET JRF Commerce: Paper II/cby K V S Madaan aNoida, U.P.bPearsonc2021 a15th Floor, Tower-B, World Trade Tower, Plot No. 1, Block-C, Sector-16bNoida, U.P.e201301 avp.c25cm(pbk)